Welcome to CU Library Online Public Access Catalogue (OPAC)

Introduction to materials management (Record no. 957)

MARC details
000 -LEADER
fixed length control field 00442nam a22001697a 4500
005 - DATE AND TIME OF LATEST TRANSACTION
control field 20241109134509.0
008 - FIXED-LENGTH DATA ELEMENTS--GENERAL INFORMATION
fixed length control field 241109b |||||||| |||| 00| 0 eng d
020 ## - INTERNATIONAL STANDARD BOOK NUMBER
International Standard Book Number 9780136988700
050 ## - LIBRARY OF CONGRESS CALL NUMBER
Classification number TS161
Item number ARN
100 ## - MAIN ENTRY--PERSONAL NAME
Personal name Arnold, Tony J. R
245 ## - TITLE STATEMENT
Title Introduction to materials management
250 ## - EDITION STATEMENT
Edition statement 3rd
260 ## - PUBLICATION, DISTRIBUTION, ETC.
Place of publication, distribution, etc. USA
Name of publisher, distributor, etc. Prentice-Hall International
Date of publication, distribution, etc. c1998
300 ## - PHYSICAL DESCRIPTION
Extent ix, 454p
Other physical details ill.;
500 ## - GENERAL NOTE
General note Include index
942 ## - ADDED ENTRY ELEMENTS (KOHA)
Source of classification or shelving scheme Library of Congress Classification
Koha item type Books
Suppress in OPAC No
999 ## -
-- 957
-- 957
Holdings
Withdrawn status Lost status Source of classification or shelving scheme Damaged status Not for loan Collection Home library Current library Shelving location Date acquired Total checkouts Full call number Barcode Date last seen Copy number Price effective from Koha item type
    Dewey Decimal Classification     Non-fiction Undergraduate Library (Christ Temple) Undergraduate Library (Christ Temple) General stacks 11/09/2024   TS161 ARN ulct00000246 11/09/2024 1 11/09/2024 Books
    Library of Congress Classification     Non-fiction Undergraduate Library (Christ Temple) Undergraduate Library (Christ Temple) General stacks 03/04/2025   HD39.5 ARN ulct00001507 03/04/2025 1 03/04/2025 Books
© 2023-2024 Copyright: Central University Libraries. All Rights Reserved | Created by: Mahone Tech Office